| 000 | 00934nam a2200265 4500 | ||
|---|---|---|---|
| 003 | OSt | ||
| 005 | 20260601193401.0 | ||
| 008 | 260421b1950 xxua|||| |||| 00| 0 eng d | ||
| 040 |
_aICI _bspa _cICI |
||
| 050 | 0 |
_aNK2715 _bK38 1950 |
|
| 100 | 1 |
_aKaufmann, Edgar, Jr. _d1910-1989 _934977 |
|
| 245 | 1 |
_aPrize designs for modern furniture _cEdgar Kaufmann Jr. |
|
| 260 |
_aNew York _bMuseum of Modern Art _c1950 |
||
| 264 |
_bThe Museum of Modern Art NY _c1950 |
||
| 300 |
_a1 volumen (varias páginas) _bilustraciones _c28cm. |
||
| 336 |
_atexto _2rdacontent |
||
| 337 |
_asin medio _2rdamedia |
||
| 338 |
_avolumen _2rdacarrier |
||
| 500 | _aCatálogo de diseños premiados de mobiliario moderno. | ||
| 650 |
_aMuebles modernos _xDiseño. _934978 |
||
| 650 |
_aDiseño industrial _xHistoria _ySiglo XX. _934979 |
||
| 650 |
_aMobiliario _xInnovaciones. _934980 |
||
| 710 |
_aMuseum of Modern Art (New York, N.Y.) _934981 |
||
| 942 |
_2lcc _cB |
||
| 999 |
_c20989 _d20989 |
||